00813nam a2200205 4500003000900000020001800009040002800027082001800055100003800073245010400111260005800215300004400273490008300317650003000400650002600430650004200456650003200498700003600530700004100566CO-ViMGA a9789587591477 aCO-ViMGAbspacCO-ViMGA04a634.774bM19a1 aMazzeo Menseses, Miguel Humberto 10aAprovechamiento de residuos de cosecha y poscosecha de plátano /cMiguel Humberto Mazzeo Meneses. aManizales :bEditorial Universidad de Caldas, c2016. a126 páginas :bfotografías ; 24 cm. aPlan Nacional de Lectura y Escritura Leer es mi Cuento / Ministerio de Cultura14aConversión de residuos 14aPlátanos xCultivo 14aPlátanos xtratamientos poscosecha 14aResiduos agroindustriales 1 aDías Arango, Félix Octavio 1 aMejía- Gutiérrez, Luis Fernando